Sporcle Speed-Picking VI Quiz Stats

Quiz Updated May 15, 2016

Challenge
Share
Tweet
Embed
Score 0/50 Timer 02:00
9 Plays Today
% Correct
Ontario
89.9%
Michigan
89.3%
Swimming
88.5%
Erie
88.1%
Cycling
87.9%
Boxing
87.7%
New Kids on the Block
87.7%
'N Sync
87%
Luke Skywalker
86.8%
One Direction
86.7%
Huron
86.2%
Obi-Wan Kenobi
85.7%
Basketball
85.7%
Archery
85.4%
Superior
85%
Han Solo
84.2%
Mr. Krabs
81.6%
Squidward Tentacles
80.1%
Mamma Mia!
79.5%
C-3PO
77.8%
Hairspray
77.5%
Yoda
77.2%
Sandy Cheeks
76.2%
Patrick Star
75.8%
Grease
74.3%
% Correct
Plankton
70.8%
98 Degrees
70.6%
Wicked
68.9%
Apollo
66.8%
Cats
64.4%
Orion
59.3%
Mars
57%
Juno
56%
Ursa Major
54.2%
Super Mario
49.7%
Andromeda
49.7%
The Legend of Zelda
47.4%
Pegasus
45.2%
Pokémon
44.2%
Diana
42.2%
Hi-Five
39.7%
Vulcan
37.7%
JavaScript
36.3%
Visual Basic
32.7%
Objective-C
31.6%
Metroid
25.8%
Pikmin
22.3%
Draco
22%
Python
19.7%
Swift
14.6%

You're not logged in!

Compare scores with friends on all Sporcle quizzes.
Join for Free
OR
Log In

You Might Also Like...

Show Comments

Extras

Top Quizzes Today


Score Distribution

Your Account Isn't Verified!

In order to create a playlist on Sporcle, you need to verify the email address you used during registration. Go to your Sporcle Settings to finish the process.

Report this User

Report this user for behavior that violates our Community Guidelines.

Details: